CrossFitel a család

Bibliographic Details
Main Authors: Ando, Krisztina (Author, Interviewer), Lengyel, Ákos (Author), Németh, Mária (Author)
Format: Article
Language:Hungarian
PhysicalDescription:Fotogr.
ISSN:1335-938X
Subjects:

MARC

LEADER 00000nab a2200000 a 4500
001 vtls011706567
003 SK-MaSNL
005 20260319070900.0
008 170811|2017 xo m| 000 0|hun
015 |a SNBRB2017/08 
038 |a DSZK 
040 |a DSZK  |b slo  |c DSZK  |e AACR2 
041 0 |a hun 
044 |a xo  |c SK 
080 |a 796.015.132  |x (437.612)  |2 2011 
100 1 |a Ando, Krisztina  |4 ivr  |4 aut  |9 1035982 
245 1 0 |a CrossFitel a család  |c Ando Krisztina, Lengyel Ákos, Németh Mária 
300 |b Fotogr. 
610 2 7 |a CrossFit&More klub (Dunajská Streda, Slovensko)  |2 dszk  |9 1088568 
650 0 7 |a crossfit  |2 dszk  |9 488886 
650 0 7 |a fitnes  |2 dszk  |9 31481 
650 0 7 |a kondičný tréning  |2 dszk  |9 51541 
651 7 |a Dunajská Streda (Slovensko)  |2 SNKPH  |9 17375 
700 1 |a Lengyel, Ákos  |4 ive  |4 aut  |9 1088569 
700 1 |a Németh, Mária  |4 ive  |4 aut  |9 386264 
773 0 |t Új nő  |g Évf. 23, sz. 8 (2017), o. 43  |x 1335-938X 
852 |a DSZK  |b KIS3GCP 
958 |a HU 
958 |a SK 
999 |c 1789549  |d 1791479